Every Spoon Song - Statistics

General Stats
  • This quiz has been taken 4 times
  • The average score is 44 of 158
Answer Stats
Album Songs % Correct
Hot Thoughts Can I Sit Next to You
100%
Hot Thoughts Do I Have to Talk You Into It
100%
Ga Ga Ga Ga Ga Don’t Make Me a Target
100%
They Want My Soul Do You
100%
Lucifer On The Sofa Held
100%
Hot Thoughts Hot Thoughts
100%
Hot Thoughts I Ain’t the One
100%
Gimme Fiction I Summon You
100%
Gimme Fiction I Turn My Camera On
100%
Lucifer On The Sofa Lucifer on the Sofa
100%
Kill The Moonlight Stay Don't Go
100%
Hot Thoughts Tear It Down
100%
Gimme Fiction The Beast and Dragon, Adored
100%
Lucifer On The Sofa The Devil & Mister Jones
100%
Ga Ga Ga Ga Ga The Underdog
100%
Kill The Moonlight The Way We Get By
100%
They Want My Soul They Want My Soul
100%
Lucifer On The Sofa Wild
100%
Ga Ga Ga Ga Ga You Got Yr. Cherry Bomb
100%
Lucifer On The Sofa Astral Jacket
50%
Singles and EPs Baditude
50%
Transference Before Destruction
50%
Ga Ga Ga Ga Ga Black Like Me
50%
Ga Ga Ga Ga Ga Don’t You Evah
50%
Ga Ga Ga Ga Ga Eddie’s Ragga
50%
Girls Can Tell Everything Hits At Once
50%
Lucifer On The Sofa Feels Alright
50%
Hot Thoughts First Caress
50%
Transference Goodnight Laura
50%
Singles and EPs | Transference Got Nuffin
50%
They Want My Soul I Just Don’t Understand
50%
They Want My Soul Inside Out
50%
Kill The Moonlight Jonathan Fisk
50%
They Want My Soul Knock Knock Knock
50%
They Want My Soul Let Me Be Mine
50%
Gimme Fiction Merchants of Soul
50%
Lucifer On The Sofa My Babe
50%
Ga Ga Ga Ga Ga My Little Japanese Cigarette Case
50%
Gimme Fiction My Mathematical Mind
50%
They Want My Soul New York Kiss
50%
Singles and EPs No Bullets Spent
50%
Lucifer On The Sofa On the Radio
50%
They Want My Soul Outlier
50%
Kill The Moonlight Paper Tiger
50%
Hot Thoughts Pink Up
50%
Hot Thoughts | They Want My Soul Rent I Pay
50%
Ga Ga Ga Ga Ga Rhthm & Soul
50%
Lucifer On The Sofa Satellite
50%
Singles and EPs She's Fine, She's Mine
50%
Hot Thoughts Shotgun
50%
Singles and EPs Silver Girl
50%
Gimme Fiction Sister Jack
50%
Kill The Moonlight Small Stakes
50%
Kill The Moonlight | Singles and EPs Someone Something
50%
Singles and EPs Sugar Babies
50%
Gimme Fiction The Delicate Place
50%
Ga Ga Ga Ga Ga The Ghost of You Lingers
50%
Lucifer On The Sofa The Hardest Cut
50%
Transference The Mystery Zone
50%
Gimme Fiction The Two Sides of Monsieur Valentine
50%
Hot Thoughts Us
50%
Kill The Moonlight Vittorio E.
50%
Hot Thoughts WhisperI’lllistentohearit
50%
Transference Written in Reverse
50%
Kill The Moonlight You Gotta Feel It
50%
Girls Can Tell 1020 AM
0%
Singles and EPs 1975
0%
A Series Of Sneaks 30 Gallon Tank
0%
A Series Of Sneaks Advance Cassette
0%
Singles and EPs All I Got Is Me
0%
Telephono All the Negatives Have Been Destroyed
0%
Kill The Moonlight All The Pretty Girls Go To The City
0%
Singles and EPs Anticipation
0%
Girls Can Tell Anything You Want
0%
Kill The Moonlight Back To The Life
0%
Girls Can Tell Believing Is Art
0%
Singles and EPs Be Still My Servant
0%
A Series Of Sneaks Car Radio
0%
Singles and EPs Change My Life
0%
Girls Can Tell Chicago At Night
0%
Singles and EPs Chips And Dip
0%
A Series Of Sneaks Chloroform
0%
Singles and EPs Christmas Time (Is Here Again)
0%
Telephono Claws Tracking
0%
Singles and EPs Curfew Tolls
0%
Telephono Cvantez
0%
Telephono Dismember
0%
Telephono Don't Buy The Realistic
0%
Kill The Moonlight Don't Let It Get You Down
0%
Singles and EPs Dracula’s Cigarette
0%
A Series Of Sneaks Execution
0%
Ga Ga Ga Ga Ga Finer Feelings
0%
Singles and EPs Get Out The State
0%
Singles and EPs I Can Feel It Fade Like an AM Single
0%
Singles and EPs I Can't Give Everything Away
0%
Singles and EPs I Could Be Underground
0%
Singles and EPs I Could See The Dude
0%
Singles and EPs I Didn't Come Here To Die
0%
Telephono Idiot Driver
0%
Singles and EPs I Got Mine
0%
Transference I Saw the Light
0%
Transference Is Love Forever?
0%
Singles and EPs Is This The Last Time
0%
Singles and EPs Jack Wild
0%
Singles and EPs Jealousy
0%
A Series Of Sneaks June's Foreign Spell
0%
A Series Of Sneaks Laffitte Don't Fail Me Now
0%
Singles and EPs Leave Your Effects Where They’re Easily Seen
0%
Girls Can Tell Lines In The Suit
0%
Singles and EPs Loss Leaders
0%
Singles and EPs Love Makes You Feel
0%
Girls Can Tell Me And The Bean
0%
Singles and EPs Mean Mad Margaret
0%
A Series Of Sneaks Metal Detektor
0%
A Series Of Sneaks Metal School
0%
Singles and EPs Mountain To Sound
0%
Telephono Nefarious
0%
Transference Nobody Gets Me But You
0%
Telephono Not Turning Off
0%
A Series Of Sneaks No You're Not
0%
Transference Out Go the Lights
0%
Telephono Plastic Mylar
0%
Telephono Primary
0%
A Series Of Sneaks Quincy Punk Episode
0%
They Want My Soul Rainy Taxi
0%
A Series Of Sneaks Reservations
0%
Singles and EPs Revenge
0%
Singles and EPs Shake It Off
0%
Kill The Moonlight Something To Look Forward To
0%
A Series Of Sneaks Staring At The Board
0%
Singles and EPs Stroke Their Brains
0%
Singles and EPs Sunday Morning Wednesday Night
0%
Girls Can Tell Take A Walk
0%
Girls Can Tell Take The Fifth
0%
Singles and EPs Tasty Fish
0%
Singles and EPs Text Later
0%
A Series Of Sneaks The Agony Of Laffitte
0%
Singles and EPs The Figures Of Art
0%
Girls Can Tell The Fitted Shirt
0%
Telephono The Government Darling
0%
Gimme Fiction The Infinite Pet
0%
Telephono Theme to Wendel Stivers
0%
A Series Of Sneaks The Minor Tough
0%
Gimme Fiction They Never Got You
0%
Girls Can Tell This Book Is A Movie
0%
Telephono Towner
0%
Singles and EPs Trashy Wild
0%
Transference Trouble Comes Running
0%
Singles and EPs TV Set
0%
Singles and EPs Tweakers
0%
A Series Of Sneaks Utilitarian
0%
Singles and EPs Waiting For The Kid To Come Out
0%
Telephono Wanted To Be Your
0%
Gimme Fiction Was It You?
0%
Transference Who Makes Your Money
0%
No matching quizzes found
Score Distribution
Percent of People with Each Score
Percentile by Number Answered
Your Score History
You have not taken this quiz